000 00915njm a2200313Ia 4500
001 C1801
003 IT-RoPAU
005 20220918181111.0
008 131025s9999 xx 000 0 und d
040 _aIT-RoPAU
040 _cIT-RoPAU
041 _aITALIANO
999 _c98976
_d98976
999 _bn.d.
100 _aRovigatti Vitaliano
_929713
100 _eAutore testo
_929714
100 _gCodice autore testoSPICS: 1811
_929715
245 _aApostolato della comunicazione sociale (L')
250 _a1a ed.
260 _aROMA
260 _bSPICS RECORDS
300 _aMUSICASSETTA
300 _c90 minuti (Testo: 0 pag.)
500 _aParlato.
505 _aIntervista.
650 _aPARLATO [CASSETTE]
_eCodice MATERIA SPICS: 9951
_929716
700 _aBonetto Giovanni
_eAutore
_gCodice autore SPICS: 9009
_929717
700 _aBonetto Giovanni
_gCodice interprete SPICS: 9009
_eInterprete
_929718
942 _cMC
_2ddc